01706nam a22003737i 4500003000900000008004100009020002200050040007100072082002300143100002100166245007200187260005400259300003100313500003900344505018800383650006900571650008200640650007300722650010600795650007200901700002300973700003100996700001801027700003401045700002401079700003301103700002801136700002701164700003501191700002201226700002701248700002401275710003301299AR-CdUCM240422b20102010pe ||||| |||| 00| 0 spa d a978-9972-51-275-9 aMUNICIPALIDAD PROVINCIAL DEL CUSCOcBIBLIOTECA MUNICIPAL DEL CUSCO a330.985 / C72bC72 aMazzeo, Cristina aGuerra, finanzas y regiones en la historia económica del Perú / aLima :bIEP Instituto de Estudios Peruanos,c2010 a542 páginas. :c20.5 cm. zBibliografía: páginas 538-542. aHistoria económica del Perú -- Los efectos económicos de la independencia en Arequipa, 1820-1824 -- Costos y beneficios de un imperio: fiscalidad y finanzas de Brasil, 1607-1808 aVeinticinco años de historia económica en el Perú colonial aLa historia económica del siglo XIX en el Perú en los últimos 25 años aLos estudios sobre la historia económica del siglo XX en el Perú aEl sistema económico tempranocolonial en el Perú: el caso de la región de Huamanga, 1539 - 1570 aLos efectos económicos de la independencia en Arequipa, 1820-1824 aMazzeo, Cristina : aQuiroz Chueca, Francisco : aPonce, Luis : aPereyra Chávez, Nelson E. : aCondori, Víctor : aIrigoin, María Alejandra : aAlves Carrara, Angelo : aLuque Luque, Juvenal : aTantaleán Arbulú, Javier : aZapata, Antonio : aZuloaga Rada, Marina : aArias Cuba, Ybeth : aGutiérrez Rivas, Julissa :